000 01029cad a22002175a 4500
008 231031s2017 xxk f 000 0 eng d
041 0 _aeng
110 2 _aBritish Property Federation
_91604
245 0 0 _aHeritage Works
_bA toolkit of best practice in heritage regeneration
250 _a3rd ed.
260 _aLondon
_bBPF; Historic England; RICS
_c2017
300 _a30p.
520 _aUpdated and streamlined from the 2006 first edition and the 2013 second edition the publication shows how heritage based regeneration can work in practice. it includes new case studies. Provides practical step-by-step guide for developers, owners, local authorities and advisers provides invaluable advice and warns of common pitfalls and points to ways of overcoming them.
650 _aHERITAGE PROPERTIES
650 _aHISTORICAL BUILDINGS
651 4 _aEngland
710 2 _aHistoric England
_96175
710 _aBritish Property Federation
_91604
710 1 _aRoyal Institution of Chartered Surveyors
_94900
942 _n0
_2ddc
999 _c121691
_d121691